Hz. Muhammed ve evrensel mesajı (Record no. 4853)
[ view plain ]
| 000 -BAŞLIK | |
|---|---|
| Sabit Uzunlukta Kontrol Alanı | 00867na a2200289 4500 |
| 001 - KONTROL NUMARASI | |
| Denetim Alanı | 12715 |
| 003 - KONTROL NUMARASI IDENTIFIER | |
| Denetim Alanı | MIRAKIL |
| 005 - SON İŞLEM TARİHİ VE ZAMANI | |
| Denetim Alanı | 20181213155020.0 |
| 008 - SABİT-BOY VERİ ELEMANLARI - GENEL BİLGİLER | |
| Sabit Uzunlukta Kontrol Alanı | 160922b tu 000 0 |
| 020 ## - ULUSLARARASI STANDART KİTAP NUMARASI | |
| Uluslararası Standart Kitap Numarası | 9751933935 |
| 035 ## - SİSTEM KONTROL NUMARASI | |
| Sistem Kontrol Numarası | 12715 |
| 040 ## - KATALOGLAMA KAYNAK | |
| Orijinal Kataloglama Ajansı | Milas |
| Kataloglama Dili | tur |
| Metne Dönüştürmek Ajansı | TR-AnCHP |
| 082 ## - DEWEY ONLU SINIFLANDIRMA NUMARASI | |
| Sınıflandırma Numarası | 297.63 |
| Ürün Numarası | S26h 2005 |
| 090 ## - SINIFLAMA NUMARASI | |
| Sınıflama Numarası | 297.63 S26h 2005 |
| 100 ## - ANA GİRİŞ - KİŞİSEL İSİM | |
| Kişisel Ad | Sarıçam, İbrahim |
| 245 ## - BAŞLIK TABLOSU | |
| Başlık | Hz. Muhammed ve evrensel mesajı |
| Sorumluluk Tablosu, Vb | İbrahim Sarıçam |
| 250 ## - EDITION TABLOSU | |
| Baskı Beyanı | 4. bs. |
| 260 ## - YAYIN, DAĞITIM, VB | |
| Yayın, Dağıtım, Vb Yeri | Ankara |
| Yayıncı, Dağıtıcı, Vs Adı | Diyanet İşleri Başkanlığı |
| Yayın, Dağıtım, Vb Tarihi | 2005 |
| 300 ## - FİZİKSEL TANIM | |
| Kapsam | 437 s. |
| Diğer Fiziksel Ayrıntıları | res. ; hrt. |
| Boyutlar | 24 sm. |
| 490 ## - SERİSİ TABLOSU | |
| Seri Beyanı | İlmî eserler |
| Hacim / Ardışık Tanımı | 92 |
| 490 ## - SERİSİ TABLOSU | |
| Seri Beyanı | Diyanet İşleri Başkanlığı yayınları |
| Hacim / Ardışık Tanımı | 581 |
| 504 ## - KAYNAKÇA VB NOT | |
| Kaynakça Vb Notu | Kaynakça ve dizin var. |
| 650 ## - KONU KATMA GİRİŞ - TOPİKAL DÖNEM | |
| Topikal Süreli Veya Coğrafi Ad Giriş Elemanı | Hz. Muhammed |
| Genel Alt Bölümü | Öğretiler |
| 650 ## - KONU KATMA GİRİŞ - TOPİKAL DÖNEM | |
| Topikal Süreli Veya Coğrafi Ad Giriş Elemanı | Peygamberler |
| Genel Alt Bölümü | Öğretiler |
| 650 ## - KONU KATMA GİRİŞ - TOPİKAL DÖNEM | |
| Topikal Süreli Veya Coğrafi Ad Giriş Elemanı | Hz. Muhammed , 571-632 |
| Genel Alt Bölümü | Yaşamöyküsü |
| 942 ## - EKLENDİ GİRİŞ ELEMANLARI (KOHA) | |
| Sınıflandırma Veya Raf Düzeni Kaynak | Dewey Decimal Classification |
| Koha Öğesi Türü | Books |
| 999 ## - SİSTEM KONTROL NUMARALARI (KOHA) | |
| Koha Biblionumber | 4853 |
| Koha Biblioitemnumber | 4853 |
| Kalıcı Konum | Mevcut Konum | Edinme Tarihi | Edinim Kaynak | Seri Numaralandırma / Kronolojik | Toplam Check-Out'Lar | Tam Çağrı Numarası | Barkod | Tarih Son Görülme | İtibaren Geçerli Fiyatlar | Koha Öğesi Türü |
|---|---|---|---|---|---|---|---|---|---|---|
| CHP Kütüphanesi | CHP Kütüphanesi | 08/01/2016 | Bağış | c.2 | 297.63 S26h 2005 | 000426 | 08/01/2016 | 08/01/2016 | Books |
